[Event "ROM-ch U12 Girls"]
[Site "Calimanesti Caciulata"]
[Date "2016.04.21"]
[Round "4"]
[White "Enachi, Alisa Francesca"]
[Black "Ionita, Carmen Nicola"]
[Result "1-0"]
[WhiteElo "1038"]
[BlackElo "1201"]
[PlyCount "39"]
[EventDate "2016.04.18"]
[EventType "swiss"]
[EventRounds "9"]
[EventCountry "ROU"]
[SourceTitle "CBM 172 Extra"]
[Source "ChessBase"]
[SourceDate "2016.06.21"]
[SourceVersion "1"]
[SourceVersionDate "2016.06.21"]
[SourceQuality "1"]

1. e4 e5 2. Nf3 Nc6 3. Bb5 Nf6 4. 0-0 Bc5 5. c3 a6 6. Bxc6 dxc6 7. Nxe5 Qe7 8. d4 Bd6 9. Nd3 Nxe4 10. Re1 Qh4 11. g3 Bg4 12. Rxe4+ Kd7 13. Qxg4+ Qxg4 14. Rxg4 g6 15. Bf4 Bxf4 16. Nxf4 Rhe8 17. Na3 f5 18. Rh4 g5 19. Rxh7+ Kd6 20. Nc4# 1-0

[Event "ROM-ch U12 Girls"]
[Site "Calimanesti Caciulata"]
[Date "2016.04.20"]
[Round "3"]
[White "Ionita, Carmen Nicola"]
[Black "Marin, Alexia Iuliana"]
[Result "0-1"]
[WhiteElo "1201"]
[BlackElo "1262"]
[PlyCount "45"]
[EventDate "2016.04.18"]
[EventType "swiss"]
[EventRounds "9"]
[EventCountry "ROU"]
[SourceTitle "CBM 172 Extra"]
[Source "ChessBase"]
[SourceDate "2016.06.21"]
[SourceVersion "1"]
[SourceVersionDate "2016.06.21"]
[SourceQuality "1"]

1. e4 e5 2. Nc3 Nf6 3. f4 d6 4. Nf3 Nc6 5. Bb5 Bd7 6. Bxc6 Bxc6 7. fxe5 dxe5 8. Nxe5 Be7 9. Nxc6 bxc6 10. d4 c5 11. Be3 cxd4 12. Qxd4 0-0 13. 0-0 Qxd4 14. Bxd4 Ng4 15. h3 c5 16. Nd5 Bd6 17. hxg4 cxd4 18. Rad1 Bc5 19. b4 Bb6 20. a4 d3+ 21. Kh1 dxc2 22. Rc1 Rfe8 23. Rxc2 0-1